Etablovanie sieťových hotelov na Slovensku

Charakteristika nadnárodných hotelových spoločností. Najväčšie hotelové spoločnosti na svete. Vývoj hotelierstva na Slovensku. Štruktúra slovenského hotelového trhu. Sieťové hotely na slovenskom hotelovom trhu.

Na minha lista:
Detalhes bibliográficos
Autor principal: Gúčik, Marián
Outros Autores: Uličná, Katarína
Formato: Capítulo de Livro
Idioma:eslovaco
Assuntos:
Tags: Adicionar Tag
Sem tags, seja o primeiro a adicionar uma tag!

MARC

LEADER 00000naa a2200000 4500
001 0190594
005 20231016074735.0
041 0 |a slo 
044 |a SK 
245 1 0 |a Etablovanie sieťových hotelov na Slovensku  |c Marián Gúčik, Katarína Uličná 
520 |a Charakteristika nadnárodných hotelových spoločností. Najväčšie hotelové spoločnosti na svete. Vývoj hotelierstva na Slovensku. Štruktúra slovenského hotelového trhu. Sieťové hotely na slovenskom hotelovom trhu. 
610 2 0 |a hotely 
610 2 0 |a hotelierstvo 
610 2 0 |a spoločnosti nadnárodné 
610 2 0 |a trh 
610 2 0 |a Slovensko 
100 1 |a Gúčik, Marián 
700 1 |a Uličná, Katarína